000 00195 a2200097 4500
001 3569
100 _aSinnott, E.W
245 _aMatter, mind & man
260 _a
_bAllen
_c
090 _c2833
_d2833
942 _aNUST-CAE
_cM
_c20369
999 _c238642
_d238642